Time-sharing - consumer protection (Record no. 1487)

MARC details
000 -LEADER
fixed length control field 00913cab a2200217 4500
001 - CONTROL NUMBER
control field ABS37129
008 - FIXED-LENGTH DATA ELEMENTS--GENERAL INFORMATION
fixed length control field 090401t1986 xxu||||| |||| 00| 0 eng d
035 ## - SYSTEM CONTROL NUMBER
System control number (Sirsi) u2461
041 ## - LANGUAGE CODE
Language code of text/sound track or separate title eng
100 ## - MAIN ENTRY--PERSONAL NAME
Personal name Edmonds, J.
245 ## - TITLE STATEMENT
Title Time-sharing - consumer protection
260 ## - PUBLICATION, DISTRIBUTION, ETC.
Date of publication, distribution, etc. 1986
350 ## - PRICE (NR) (BK AM CF MU VM SE) [OBSOLETE]
Price 0
490 ## - SERIES STATEMENT
Series statement Law Society`s Gazette
Volume/sequential designation 83(40) 5 November 1986 3319-3320(2)
520 ## - SUMMARY, ETC.
Summary, etc. The timeshare industry is dominated by the 2 American exchange networks, Resort Condominiums International and Interval International. Reviews problems in consumer protection , noting the lack of legislation in Europe, with the exception of France, Greece and Portugal. Lists questions which a solicitor should ask when advising a purchaser.
650 ## - SUBJECT ADDED ENTRY--TOPICAL TERM
Topical term or geographic name entry element EUROPEAN HOLIDAY TIMESHARE ASSOCIATION
650 ## - SUBJECT ADDED ENTRY--TOPICAL TERM
Topical term or geographic name entry element TIMESHARE DEVELOPERS GROUP
690 ## - LOCAL SUBJECT ADDED ENTRY--TOPICAL TERM (OCLC, RLIN)
Topical term or geographic name as entry element PROPERTY LAW AND PRACTICE
942 ## - ADDED ENTRY ELEMENTS (KOHA)
Suppress in OPAC 0
948 ## - LOCAL PROCESSING INFORMATION (OCLC); SERIES PART DESIGNATOR (RLIN)
c (OCLC) 04/03/1997
Holdings
Withdrawn status Lost status Source of classification or shelving scheme Damaged status Not for loan Home library Current library Shelving location Date acquired Total Checkouts Full call number Barcode Date last seen Copy number Price effective from Koha item type
    Dewey Decimal Classification     London London Journal article 14/09/1999   ABS37129 2461-1001 06/08/2019 1 06/08/2019 Journal article